| 000 | 01071cam a22002651a 4500 | ||
|---|---|---|---|
| 001 | 10070768 | ||
| 003 | ARRUPE | ||
| 005 | 20160127111304.0 | ||
| 008 | 820614s1900 enkabcf 001 0 eng | ||
| 010 | _a 03013612 | ||
| 035 | _a(OCoLC)8516154 | ||
| 040 |
_aDLC _cPPAN _dPPAN _dDLC |
||
| 042 | _apremarc | ||
| 050 | 0 | 0 |
_aG463 _b.O86 |
| 100 | 1 |
_aOswell, William Edward. _921832 |
|
| 245 | 0 | 0 |
_aWilliam Cotton Oswell, hunter and explorer : _bthe story of his life with certain correspondance and extracts from the private journal of David Livingstone, hitherto unpublished / _cby W. Edward Oswell ; with an introduction by Francis Galton. |
| 260 |
_aLondon : _bW. Heinemann, _c1900. |
||
| 300 |
_a 2 v., [25] leaves of plates : _bill., [6] maps. (3 fold., 1 col.), ports. ; _c23 cm. |
||
| 500 | _aIncludes index. | ||
| 600 | 1 | 0 |
_aOswell, William Cotton, _d1818-1893. _921833 |
| 651 | 0 |
_aAfrica, Central _xDescription and travel. _921834 |
|
| 700 | 1 |
_aLivingstone, David, _d1813-1873. _921835 |
|
| 906 |
_a7 _bcbc _coclcrpl _du _encip _f19 _gy-gencatlg |
||
| 942 |
_2lcc _cSPC |
||
| 999 |
_c124047 _d124047 |
||